00480 2200169 4500001002100000005001500021035002000036007000300056008004100059020001800100082001200118084001800130100002000148245006400168260003400232300004400266INLIS00000000000046320240426085302 a0010-0424000051ta240426 g 0 ind  a979-8955-34-X a307.209 a307.209 MUH s0 aMuhajirin Utomo1 a90 Tahun Kolonisasi 45 Tahun Tranmigrasi /cMuhajirin Utomo aJakarta :bPuspa Swara,c1997 axvi, 342 hlm, :bilus, ;c14 cm x 21 cm